| 000 | 00509nam a2200193Ia 4500 | ||
|---|---|---|---|
| 005 | 20250326141406.0 | ||
| 008 | 250326s9999 xx 000 0 und d | ||
| 020 | _a0-7131-3570-0 | ||
| 037 | _aTextbook | ||
| 040 |
_aFMSL _beng _cFMSL |
||
| 041 |
_aeng _2eng |
||
| 084 |
_aB M6 _qFMSL |
||
| 100 |
_aBunday Brian D _9498872 |
||
| 245 | 0 |
_aBasic queueing theory _cBunday Brian D |
|
| 260 |
_aUSA _bUSA, Edward Arnold _c1986 |
||
| 300 | _avi,134 | ||
| 942 |
_cTB _hB M6 |
||
| 999 |
_c1290092 _d1290092 |
||